Theoretical dimensions to ownership behaviour in urban redevelopment (Record no. 104973)

MARC details
000 -LEADER
fixed length control field 01497cam a2200193 4500
001 - CONTROL NUMBER
control field ##L132028
008 - FIXED-LENGTH DATA ELEMENTS--GENERAL INFORMATION
fixed length control field 051221n1996 000 0 eng u
035 ## - SYSTEM CONTROL NUMBER
System control number (Sirsi) u132028
041 0# - LANGUAGE CODE
Language code of text/sound track or separate title eng
100 1# - MAIN ENTRY--PERSONAL NAME
Personal name Adams, David
100 1# - MAIN ENTRY--PERSONAL NAME
Personal name Hutchison, Norman
100 1# - MAIN ENTRY--PERSONAL NAME
Personal name Disberry, Alan
245 00 - TITLE STATEMENT
Title Theoretical dimensions to ownership behaviour in urban redevelopment
260 ## - PUBLICATION, DISTRIBUTION, ETC.
Place of publication, distribution, etc. London
Name of publisher, distributor, etc. RICS
Date of publication, distribution, etc. 1996
520 ## - SUMMARY, ETC.
Summary, etc. This paper aims to define and classify ownership constraints to urban redevelopment. lt. draws on the initial twelve months work at the University of Aberdeen on a two and a half year study of land ownership constraints to urban redevelopment, funded by the Economic and Social Research Council. On the basis of existing literature, the paper will first present an empirical typology of owner behaviour in urban redevelopment. It will then concentrate on five theoretical approaches to the development process which will be applied to test the robustness of the typology. These approaches will be grounded in neo-classical, event- sequence, agency, structure and structure-agency models of the development process. Each approach will be investigated in turn both to highlight the role it accords to the landowner in development and to identify how far it acknowledges the importance of ownership constraints in the development process.
520 ## - SUMMARY, ETC.
Summary, etc. This item is no longer available.
690 ## - LOCAL SUBJECT ADDED ENTRY--TOPICAL TERM (OCLC, RLIN)
Topical term or geographic name as entry element PROPERTY-RESIDENTIAL PROPERTY-RESIDENTIAL PROPERTY DEVELOPMENT
942 ## - ADDED ENTRY ELEMENTS (KOHA)
Suppress in OPAC 0
Holdings
Withdrawn status Lost status Source of classification or shelving scheme Damaged status Not for loan Home library Current library Shelving location Date acquired Total Checkouts Full call number Barcode Date last seen Copy number Price effective from Koha item type
    Dewey Decimal Classification     Virtual Virtual Online 21/12/2005   ONLINE PUBLICATION 132028-1001 06/08/2019 1 06/08/2019 Book